Yu-Gi-Oh! Edison Format Banlist - Statistics

General Stats
  • This quiz has been taken 3 times
  • The average score is 63 of 132
Answer Stats
Forbidden % Correct
Black Luster Soldier - Envoy of the Beginning
100%
Black Rose Dragon
100%
Card Destruction
100%
Chaos Emperor Dragon - Envoy of the End
100%
Cyber Jar
100%
Fiber Jar
100%
Future Fusion
100%
Graceful Charity
100%
Last Will
100%
Magical Scientist
100%
Mirror Force
100%
Monster Reborn
100%
Pot of Greed
100%
Raigeki
100%
Solemn Judgement
100%
The Forceful Sentry
100%
Thousand-Eyes Restrict
100%
Yata-Garasu
100%
Black Whirlwind
67%
Blackwing - Gale the Whirlwind
67%
Call of the Haunted
67%
Change of Heart
67%
Chaos Sorcerer
67%
Confiscation
67%
Crush Card Virus
67%
Cyber Dragon
67%
Cyber-Stein
67%
Dandylion
67%
Dark Armed Dragon
67%
Dark Hole
67%
Dark Strike Fighter
67%
Delinquent Duo
67%
Dimension Fusion
67%
Elemental HERO Stratos
67%
Exodia the Forbidden One
67%
Gold Sarcophagus
67%
Harpie's Feather Duster
67%
Heavy Storm
67%
Judgement Dragon
67%
Last Turn
67%
Left Arm of the Forbidden One
67%
Left Leg of the Forbidden One
67%
Lumina, Lightsworn Summoner
67%
Magic Cylinder
67%
Magician of Faith
67%
Morphing Jar
67%
Mystical Space Typhoon
67%
Premature Burial
67%
Return from the Different Dimension
67%
Right Arm of the Forbidden One
67%
Right Leg of the Forbidden One
67%
Royal Decree
67%
Sangan
67%
Snatch Steal
67%
Swords of Revealing Light
67%
Time Seal
67%
Trap Dustshoot
67%
Treeborn Frog
67%
Witch of the Black Forest
67%
Advanced Ritual Art
33%
Allure of Darkness
33%
Bottomless Trap Hole
33%
Brain Control
33%
Brionac, Dragon of the Ice Barrier
33%
Burial from a Different Dimension
33%
Butterfly Dagger - Elma
33%
Card of Safe Return
33%
Card Trooper
33%
Chain Strike
33%
Charge of the Light Brigade
33%
Dark Magician of Chaos
33%
Demise, King of Armageddon
33%
Destiny Draw
33%
Destiny HERO - Disk Commander
33%
Destiny HERO - Malicious
33%
Emergency Teleport
33%
Exchange of the Spirit
33%
Foolish Burial
33%
Giant Trunade
33%
Gladiator Beast Bestiari
33%
Gorz, the Emissary of Darkness
33%
Goyo Guardian
33%
Honest
33%
Imperial Order
33%
Level Limit Area B
33%
Limiter Removal
33%
Lonefire Blossom
33%
Magical Explosion
33%
Magical Stone Excavation
33%
Makyura the Destructor
33%
Megamorph
33%
Metamorphosis
33%
Mirage of Nightmare
33%
Necro Gardna
33%
Neo-Spacian Grand Mole
33%
Night Assailant
33%
Painful Choice
33%
Plaguespreader Zombie
33%
Reinforcement of the Army
33%
Ring of Destruction
33%
Royal Oppression
33%
Scapegoat
33%
Sinister Serpent
33%
Skill Drain
33%
Snipe Hunter
33%
The Transmigration Prophecy
33%
Torrential Tribute
33%
Tragoedia
33%
Tribe-Infecting Virus
33%
Tsukuyomi
33%
Ultimate Offering
33%
United We Stand
33%
Victory Dragon
33%
Ceasefire
0%
Cold Wave
0%
Goblin Zombie
0%
Gravity Bind
0%
Marshmallon
0%
Mezuki
0%
Mind Control
0%
Mind Crush
0%
Mind Master
0%
Monster Gate
0%
Necroface
0%
Ojama Trio
0%
One for One
0%
Overload Fusion
0%
Reasoning
0%
Rescue Cat
0%
Spirit Reaper
0%
Summoner Monk
0%
Wall of Revealing Light
0%
No matching quizzes found
Score Distribution
Percent of People with Each Score
Percentile by Number Answered
Your Score History
You have not taken this quiz